Presente y futuro de la enseñanza de la historia /

Shranjeno v:
Bibliografske podrobnosti
Glavni avtor: Serrano Alvarez, Pablo
Format: Texto
Teme:
Oznake: Označite
Brez oznak, prvi označite!

MARC

LEADER 00000 a a2200000 04500
001 18357
003
040
100 |a Serrano Alvarez, Pablo  
245 |a Presente y futuro de la enseñanza de la historia /  |c Pablo Serrano Alvarez 
650 |a HISTORIA  
650 |a ENSEÑANZA  
650 |a HISTORIOGRAFIA  
773 |g volumen 2, número 7; páginas 59-65  
999 |c 40098  |d 40098